Bailey’s industrial oil & fat products (vol.6)

The sixth volume on nondible uses of fats and oils has new articles on biodiesel, hydrolic fluids, lubricants, inks, as well as pharmaceutical and cosmetic uses of lipids. An articles on the use of soybean oil in edible film and adhesive production is also included

Wedi'i Gadw mewn:
Manylion Llyfryddiaeth
Prif Awdur: Bailey, Alton Edward
Fformat: Llyfr
Iaith:Undetermined
Cyhoeddwyd: Hoboken, N.J. John Wiley & Sons 2005
Pynciau:
Tagiau: Ychwanegu Tag
Dim Tagiau, Byddwch y cyntaf i dagio'r cofnod hwn!
Thư viện lưu trữ: Trung tâm Học liệu Trường Đại học Cần Thơ
LEADER 00853nam a2200205Ia 4500
001 CTU_132830
008 210402s9999 xx 000 0 und d
020 |c 4500000 
082 |a 665.2 
082 |b B155/Vol.6 
100 |a Bailey, Alton Edward 
245 0 |a Bailey’s industrial oil & fat products (vol.6) 
245 0 |c edited by Fereidoon Shahidi 
260 |a Hoboken, N.J. 
260 |b John Wiley & Sons 
260 |c 2005 
520 |a The sixth volume on nondible uses of fats and oils has new articles on biodiesel, hydrolic fluids, lubricants, inks, as well as pharmaceutical and cosmetic uses of lipids. An articles on the use of soybean oil in edible film and adhesive production is also included 
650 |a Oils and fats.,Công nghệ dầu ăn 
904 |i Năm 
980 |a Trung tâm Học liệu Trường Đại học Cần Thơ